000 00963nam a22002297a 4500
003 JO-AjAnu
005 20251011121249.0
008 251011b jo ||||| |||| 00| 0 ara d
020 _a9789923240373
040 _aJO-AjAnu
_bara
_cJO-AjAnu
_dJO-AjAnu
_erda
041 _aara
_hara
050 _aGV481
_b2020
100 1 _aاسماعيل، اشرف محمود
_966731
_eمؤلف
245 0 _aاللياقة والاستشفاء في المجال الرياضي /
_cتاليف اشرف محمود اسماعيل، محمد امين
250 _aالطبعة الاولى
260 _aعمان :
_bدار ابن النفيس للنشر والتوزيع،
_c2020
300 _a146 صفحة
504 _aيحتوي على قائمة مراجع
650 7 0 _aاللياقة البدنية-التدريب الرياضي-التربية الصحية-التربية البدنية
_966732
700 1 _aامين، محمد
_eمؤلف
_966733
942 _2lcc
_cBK
_n0
999 _c34034
_d34034